[Event "Vienna Advent op"]
[Site "Vienna"]
[Date "2023.12.16"]
[Round "6"]
[White "Pleininger, Rudolf"]
[Black "Stinner, David"]
[Result "0-1"]
[WhiteElo "1909"]
[BlackElo "1980"]
[PlyCount "120"]
[EventDate "2023.12.11"]
[EventType "swiss"]
[EventRounds "7"]
[EventCountry "AUT"]
[SourceTitle "CB51_2023"]
[SourceDate "2023.12.20"]
[SourceVersion "1"]
[SourceVersionDate "2023.12.20"]
[SourceQuality "1"]

1. e4 c6 2. d4 d5 3. exd5 cxd5 4. Bd3 Nc6 5. c3 Nf6 6. Bf4 Bg4 7. Qb3 Qd7 8. Nd2 e6 9. Ngf3 Bd6 10. Bg3 0-0 11. 0-0 Bxg3 12. fxg3 Qc7 13. Rae1 Rfc8 14. h3 Bh5 15. g4 Bg6 16. Bxg6 hxg6 17. Ne5 Nxe5 18. dxe5 Nd7 19. Nf3 Nc5 20. Qd1 Ne4 21. Qc1 Rf8 22. Qf4 f6 23. Rxe4 dxe4 24. Qxe4 f5 25. gxf5 Rxf5 26. g4 Rff8 27. Qxg6 Qf7 28. Qe4 Qf4 29. Qxf4 Rxf4 30. Ng5 Rxf1+ 31. Kxf1 Rd8 32. Ke2 Rd5 33. Nf3 Kf7 34. c4 Rc5 35. Kd3 b5 36. cxb5 Rxb5 37. b3 Rd5+ 38. Kc2 Ke7 39. h4 Rd8 40. b4 Rf8 41. Nd4 Kd7 42. b5 Rf4 43. Kd3 Rxg4 44. a4 Rxh4 45. a5 g5 46. b6 axb6 47. axb6 g4 48. b7 Rh8 49. Ke3 Rf8 50. b8Q Rxb8 51. Kf2 Rb4 52. Ne2 Re4 53. Nc1 Rxe5 54. Kg3 Re1 55. Na2 Ra1 56. Nb4 Kd6 57. Nc2 Ra2 58. Ne1 Re2 59. Ng2 Rxg2+ 60. Kxg2 Ke5 0-1

[Event "Vienna Advent op"]
[Site "Vienna"]
[Date "2023.12.15"]
[Round "5"]
[White "Buettner, Anton"]
[Black "Stinner, David"]
[Result "0-1"]
[WhiteElo "1552"]
[BlackElo "1980"]
[PlyCount "102"]
[EventDate "2023.12.11"]
[EventType "swiss"]
[EventRounds "7"]
[EventCountry "AUT"]
[SourceTitle "CB51_2023"]
[SourceDate "2023.12.20"]
[SourceVersion "1"]
[SourceVersionDate "2023.12.20"]
[SourceQuality "1"]

1. e4 c6 2. d4 d5 3. exd5 cxd5 4. Bd3 Nc6 5. c3 Nf6 6. h3 g6 7. Nf3 Bf5 8. Be2 Bg7 9. Bf4 Qb6 10. Qb3 Qxb3 11. axb3 Rc8 12. Nbd2 0-0 13. Ne5 a6 14. Nd3 Nd7 15. Nf3 Rfe8 16. 0-0 f6 17. Nd2 e5 18. dxe5 fxe5 19. Bh2 Bh6 20. Rfd1 Bf8 21. Nf1 d4 22. Ne1 Be6 23. c4 Bg7 24. Ng3 Nc5 25. Ra3 e4 26. f3 d3 27. Bf1 Bxb2 28. Ra2 Bd4+ 29. Kh1 Nb4 30. Ra3 Bb2 31. Ra5 exf3 32. Nxf3 b6 33. Rxc5 bxc5 34. Ne4 Red8 35. Be5 Bxe5 36. Nxe5 Bf5 37. Ng3 Re8 38. Nf3 Rcd8 39. Kg1 d2 40. Nxf5 gxf5 41. Nxd2 Re3 42. Kf2 f4 43. Be2 Nd3+ 44. Bxd3 Rexd3 45. Ke2 Kg7 46. Ke1 Re8+ 47. Kf2 Ree3 48. Kf1 Kg6 49. Kf2 Kf5 50. Kf1 Ke5 51. Kf2 Kd4 0-1

[Event "Vienna Ottakring 100 Years"]
[Site "Vienna"]
[Date "2023.09.01"]
[Round "7"]
[White "Stinner, David"]
[Black "Beeck, Mats"]
[Result "0-1"]
[WhiteElo "1964"]
[BlackElo "2180"]
[PlyCount "116"]
[EventDate "2023.08.26"]
[EventType "swiss"]
[EventRounds "9"]
[EventCountry "AUT"]
[SourceTitle "EXT 2024"]
[Source "ChessBase"]
[SourceDate "2023.10.10"]
[SourceVersion "1"]
[SourceVersionDate "2023.10.10"]
[SourceQuality "1"]

1. d4 Nf6 2. c4 e6 3. g3 Bb4+ 4. Bd2 Be7 5. Nf3 d5 6. Qc2 c6 7. Bg2 0-0 8. 0-0 Nbd7 9. b3 a5 10. Nc3 b6 11. e4 Ba6 12. e5 Ne8 13. Ne2 Rc8 14. Be3 c5 15. dxc5 bxc5 16. Bd2 Qc7 17. Rfe1 dxc4 18. bxc4 Nxe5 19. Nxe5 Qxe5 20. Bxa5 Nd6 21. Nc3 Qh5 22. Nb5 Bxb5 23. cxb5 Nxb5 24. a4 Nd4 25. Qc4 Nf3+ 26. Bxf3 Qxf3 27. Bc3 Bf6 28. Bxf6 Qxf6 29. a5 Qd4 30. Rec1 Qxc4 31. Rxc4 Rc7 32. a6 Ra8 33. Ra5 Kf8 34. Raxc5 Rxc5 35. Rxc5 Rxa6 36. Kg2 Ra3 37. Rc7 g5 38. Rc5 h6 39. Rc4 Kg7 40. g4 Kg6 41. Rb4 h5 42. gxh5+ Kxh5 43. Rc4 Rd3 44. h3 Rd5 45. Rb4 f5 46. Rb8 Kg6 47. Rb6 Kf6 48. Ra6 Ke5 49. Ra8 Ke4 50. Ra3 f4 51. Ra1 Kf5 52. Ra3 Rd2 53. Rb3 e5 54. Rb4 e4 55. Rb5+ Kg6 56. Kf1 f3 57. Kg1 Rd1+ 58. Kh2 e3 0-1

[Event "Vienna Advent op"]
[Site "Vienna"]
[Date "2022.12.07"]
[Round "3"]
[White "Plank, Peter"]
[Black "Stinner, David"]
[Result "0-1"]
[WhiteElo "1922"]
[BlackElo "1856"]
[PlyCount "68"]
[EventDate "2022.12.05"]
[EventType "tourn"]
[EventRounds "7"]
[EventCountry "AUT"]
[SourceTitle "CBM 211 Extra"]
[Source "ChessBase"]
[SourceDate "2023.01.31"]
[SourceVersion "1"]
[SourceVersionDate "2023.01.31"]
[SourceQuality "1"]

1. Nc3 d5 2. e4 c6 3. Nf3 Bg4 4. h3 Bxf3 5. Qxf3 e6 6. e5 c5 7. Qg3 a6 8. Be2 Nc6 9. 0-0 Qc7 10. f4 Nge7 11. Bd1 Nf5 12. Qe1 h5 13. Ne2 Be7 14. c3 g6 15. a3 b5 16. b4 0-0 17. Bc2 Rfd8 18. Bxf5 exf5 19. d4 cxd4 20. cxd4 Qd7 21. Bd2 Qa7 22. Qf2 a5 23. Rfc1 Qb6 24. Rab1 axb4 25. Bxb4 Bxb4 26. axb4 Ra4 27. Rb3 Rda8 28. Nc3 Ra1 29. Rbb1 Rxb1 30. Rxb1 Rd8 31. Kf1 Qxd4 32. Qxd4 Nxd4 33. Rd1 Nc2 34. Rxd5 Ne3+ 0-1

[Event "Vienna State-chB"]
[Site "Vienna"]
[Date "2022.09.25"]
[Round "9"]
[White "Obenaus, Paul"]
[Black "Stinner, David"]
[Result "0-1"]
[WhiteElo "1825"]
[BlackElo "1823"]
[PlyCount "74"]
[EventDate "2022.09.17"]
[EventType "swiss"]
[EventRounds "9"]
[EventCountry "AUT"]
[SourceTitle "CBM 210 Extra"]
[Source "ChessBase"]
[SourceDate "2022.11.30"]
[SourceVersion "1"]
[SourceVersionDate "2022.11.30"]
[SourceQuality "1"]

1. d4 d5 2. c4 c6 3. Nf3 Nf6 4. Nc3 e6 5. e3 Nbd7 6. Bd3 dxc4 7. Bxc4 b5 8. Bd3 Bd6 9. 0-0 0-0 10. e4 e5 11. Ne2 Bb7 12. Bg5 Re8 13. Qc2 Rc8 14. Nh4 h6 15. Nf5 Bf8 16. Bxf6 Qxf6 17. f4 exd4 18. e5 Qd8 19. Rf3 Qb6 20. Rg3 Kh8 21. Qb3 Re6 22. Kh1 Nc5 23. Qd1 Nxd3 24. Rxd3 c5 25. Neg3 Qc6 26. Qe2 Rd8 27. Rg1 g6 28. Ne3 c4 29. Rdd1 d3 30. Qg4 Qd7 31. Rgf1 h5 32. Qg5 Qe7 33. Qxe7 Rxe7 34. f5 Rxe5 35. fxg6 fxg6 36. Nc2 Kg7 37. Ne1 h4 0-1

[Event "Vienna State-chB"]
[Site "Vienna"]
[Date "2022.09.21"]
[Round "5"]
[White "Pavlov, Alexander1111"]
[Black "Stinner, David"]
[Result "1/2-1/2"]
[WhiteElo "1685"]
[BlackElo "1823"]
[PlyCount "101"]
[EventDate "2022.09.17"]
[EventType "swiss"]
[EventRounds "9"]
[EventCountry "AUT"]
[SourceTitle "CBM 210 Extra"]
[Source "ChessBase"]
[SourceDate "2022.11.30"]
[SourceVersion "1"]
[SourceVersionDate "2022.11.30"]
[SourceQuality "1"]

1. e4 c6 2. d4 d5 3. Nc3 dxe4 4. Nxe4 Bf5 5. Ng3 Bg6 6. Nf3 Nd7 7. Bf4 e6 8. Bd3 Ngf6 9. 0-0 Be7 10. Re1 0-0 11. Bxg6 hxg6 12. Qd3 c5 13. c3 cxd4 14. cxd4 Nd5 15. Bd2 Rc8 16. Ne4 N7f6 17. Neg5 Nh5 18. Re4 Qd6 19. Rh4 f5 20. g3 Bxg5 21. Bxg5 Nb4 22. Qb3 Qd5 23. Ne5 Qxb3 24. axb3 Kh7 25. f3 Nc6 26. g4 Nxe5 27. dxe5 fxg4 28. fxg4 Rc2 29. Rf1 Rxf1+ 30. Kxf1 Rxb2 31. gxh5 gxh5 32. Be3 Rxb3 33. Rxh5+ Kg6 34. Rg5+ Kf7 35. Bxa7 b5 36. Rg3 Rb2 37. h3 b4 38. Rf3+ Kg6 39. Rf2 Rb3 40. Kg2 Ra3 41. Bc5 Ra5 42. Bd6 b3 43. Rf1 Ra2+ 44. Kg3 Rc2 45. Rb1 Rc3+ 46. Kg4 Rc4+ 47. Kf3 Rc3+ 48. Kg2 Rc2+ 49. Kg1 Rc3 50. h4 Kf5 51. Bf8 1/2-1/2